Statystyki dla Zagraniczni żużlowcy w lidze polskiej

Kliknij tutaj aby rozwiązać quiz!

Ogólne statystyki

  • Ten quiz został rozwiązany 146 razy
  • Średni wynik to 7 z 50

Statystyki odpowiedzi

KlubyOdpowiedź% Poprawnych
GW (91-93)Antal Kocso
100%
Gdz (06,10-12), Rzeszów (07-08,17), Wrocław (09), Gniezno (13), Lublin (14), Kraków (15), Daugavpils (16)Davey Watt
100%
Osw (14), Rawicz (15), Krosno (17), Poznań (18-19), Bydgoszcz (20-21), Leszno (22)David Bellego
100%
Bdg (06-12), Cze-wa (13), Toruń (14,22), Leszno (15-21)Emil Sayfutdinow
100%
Opole (92) AUTFranz Leitner
100%
Gniezno (99), Opole (00), GW (01,11), Lublin (03), Wrocław (05-07), Toruń (08,10), Gdańsk (09), Gdz (12), Bdg (13-14), Łódź (15-20), Daugavpils (21)Hans Andersen
100%
Rawicz (18-20), Leszno (18-21)Jaimon Lidsey
100%
Tarnów (92)Kai Niemi
100%
ZG (91-92), Bdg (93), Rybnik (00-01), Osw (03)Lars Gunnestad
100%
Krosno (91-95,97), Kraków (96,98), Rzeszów (99)Laszlo Bodi
100%
Gdz (06), Wrocław (08-10), Tarnów (11-13,15-16), Gdańsk (14), Czewa (17-22)Leon Madsen
100%
Rybnik (99), Świętochłowice (00), GW (02), Leszno (03), Tarnów (06), Cze-wa (07), Osw (08), Rzeszów (09), Lublin (10)Lukas Dryml
100%
Krosno (06-07), Rzeszów (08), Gdańsk (09), Tarnów (10-15), Toruń (16), GW (17-18,21-22), ZG (19-20)Martin Vaculik
100%
Tarnów (92), Świętochłowice (95-96), Osw (97,99,02), Cze-wa (98), Opole (00), Wawa (01)Rinat Mardanszin
100%
Gdz (94), ZG (96,12), Tarnów (97-98,07), Cze-wa (99-05,10,13-14,17,20), Rzeszów (06), GW (08-09), Toruń (11,18-19), Osw (15), Rybnik (16,21)Rune Holta
100%
Gniezno (99,11-12), Leszno (00), Wrocław (01-03,09), Tarnów (05-06), Rzeszów (07-08,14,16), Miskolc (10), G-dz (13), Osw (15), Kraków (17)Scott Nicholls
100%
Kraków (12), Rybnik (13-14), Wrocław (15-19), Rybnik (20), Krosno (21)Vaclav Milik
100%
Świętochłowice (92,94), Kraków (93)Walder Nebel
100%
Rawicz (08,13), Gniezno (10), Piła (11), Rybnik (12), Łódź (14), Toruń (15,18-19), ZG (16-17), Cze-wa (20), Leszno (21)Jason Doyle
67%
Daugavpils (08-10), Cze-wa (11), Bdg (12), Tarnów (13-14), Gdz (15-20), Wrocław (21)Artiom Łaguta
50%
Wittstock (20), Łódź (21), Piła (22)Ben Ernst
50%
Wrocław (07,20), Toruń (08-21), Osw (22)Chris Holder
50%
Rybnik (18-19), Wrocław (20-21)Daniel Bewley
50%
Tarnów (02-03), Rawicz (05), Gdz (08), Lublin (09)David Howe
50%
Bydgoszcz (99) SVEErik Stenlund
50%
Daugavpils (07), Równe (08), Opole (09-10) I... B...Ilja Bondarenko
50%
Toruń (17-21), GW (20)Jack Holder
50%
Lublin (09) SVEJonas Messing
50%
Poznań (21-22)Jonas Seifert-Salk
50%
Lublin (00), Krosno (02), Praga (07), Krosno (09-11,18), Kraków (13), Daugavpils (14)Josef Franc
50%
GW (91) GERKlaus Lausch
50%
Osw (96,99), Rybnik (97), Kraków (98), Rzeszów (00), Gdz (01), Tarnów (02-03), Daugavpils (06,08), Gniezno (07), Miskolc (09), Lublin (10)Siergiej Darkin
50%
Wrocław (09-12), Rzeszów (13), Bdg (14)Dennis Andersson
33%
Rzeszów (17), Bdg (18-20), Landshut (21-22)Dimitri Berge
33%
Opole (16), Kraków (18)Joel Andersson
33%
Lublin (06), Leszno (07-12), Rzeszów (13), Wrocław (14), Gdz (15), Gniezno (18-20)Jurica Pavlic
33%
Toruń (91), Piła (92), ZG (94), Bdg (97)Peter Nahlin
33%
Tarnów (92), Leszno (94), Rzeszów (97), ZG (98)Simon Wigg
33%
Gniezno (91) Z... H...Zdenek Holub
33%
Leszno (07-12), Wrocław (13-14), Rybnik (15-16,18-20), Gdańsk (17), Bydgoszcz (20)Troy Batchelor
25%
Osw (17-18), GW (19), Rzeszów (20-21), Daugavpils (22)Adam Ellis
0%
Ostrów (08)Adam Roynon
0%
Lublin (06), Leszno (08-10), Wrocław (11)Adam Shields
0%
Praga (07), Krosno (08)Adam Vandirek
0%
Świętochłowice (99), Krosno (00,06), Gdz (07), Miskolc (08-09), Lublin (10)Adrian Rymel
0%
Krosno (09,11), Miskolc (10)Aleksander Conda
0%
Rybnik (96), Kraków (98), Tarnów (00)Aleksander Latosinski
0%
Ostrów (93), Kraków (99)Aleksandr Biznia
0%
Równe (06,11), Lublin (10)Aleksandr Borodaj
0%
Gdańsk (21), Poznań (22) RUSAleksandr Kajbuszew
0%
ZG (10,12,14-16), Rybnik (11), Bdg (13), Łódź (17-18,20), Osw (19)Aleksandr Łoktajew
0%
Gdz (06), Równe (08), Piła (09-10,13), Osw (11), Rybnik (12)Aleksiej Charczenko
0%
Grudziądz (07), Równe (08)Aleksiej Guzajew
0%
Bydgoszcz (21) LATAleksiej Pilac
0%
Rybnik (99-00), Leszno (01-02), Osw (05,14), Toruń (06-07), Tarnów (08), Rzeszów (09), Miskolc (10), Cze-wa (11), Gniezno (12), Gdz (13-14), Lublin (15)Ales Dryml
0%
Lublin (10), Rawicz (12)Alexander Edberg
0%
Tarnów (21)Alexander Woentin
0%
Krosno (95)Anatolij Chłynow
0%
Poznań (06-08)Anders Andersen
0%
Rawicz (15), Gdańsk (16-18), GW (19-22)Anders Thomsen
0%
Opole (93-95), Rawicz (96), Lublin (97)Andreas Boessner
0%
GW (99-00), Toruń (01), Cze-wa (02-03,17), Bdg (04-10), ZG (11-15), Rybnik (16), Lublin (18-19)Andreas Jonsson
0%
Cze-wa (18), Piła (19), Bydgoszcz (20-21)Andreas Lyager
0%
Lublin (06,09), Rzeszów (07)Andreas Messing
0%
Lwów (04), Równe (05), Rzeszów (06), Gdańsk (07-08), Rybnik (09-11,18), Gdz (12-14), Kraków (15), ZG (16-17), Krosno (19-20)Andriej Karpow
0%
Gdańsk (08-10), Opole (11,14,16), Bydgoszcz (18)Andriej Kobrin
0%
Grudziądz (92-94,01), Leszno (95-00), Gdańsk (02), Rawicz (03), Gniezno (04), Daugavpils (05-09), Piła (10-11)Andriej Korolew
0%
Kraków (10,12), Gdz (11), Lublin (13-14), Bdg (15-17), Łódź (18), Gniezno (19), Daugavpils (20), Opole (21)Andriej Kudriaszow
0%
Daugavpils (11-16,19), Wrocław (17-18), Rybnik (18,20)Andrzej Lebiediew
0%
Bdg (92-95,98,04), Rzeszów (96), Tarnów (97), Piła (99-00), Leszno (01), Wawa (02-03), Toruń (05), Gdańsk (06-07)Andy Smith
0%
Opole (06)Antonin Galliani
0%
Lublin (90-91), Gniezno (92-96,00-02), Rzeszów (97-99)Antonin Kasper
0%
Rybnik (97), ZG (99-03)Antonin Svab
0%
Wrocław (05), Cze-wa (07), Rybnik (08,11), Bdg (09-10), Gniezno (12-13), Łódź (14), Daugavpils (15), Gdz (16-19), ZG (20)Antonio Lindbaeck
0%
Lublin (97), Rawicz (98), Ostrów (99)Armando Castagna
0%
Opole (16)Arsłan Fajzulin
0%
ZG (08-09)Artem Wodjakow
0%
Krosno (91)Atilla Kovacs
0%
Kraków (99), Rawicz (00-01,05), Lublin (02-03), Miskolc (06-07)Attila Stefani
0%
Wrocław (08-09), Opole (10-11), Piła (14)Ben Barker
0%
Gdańsk (07-08)Billy Forsberg
0%
Rybnik (92), GW (94-95), Gdz (96-00,04), ZG (01-03,06-07)Billy Hamill
0%
ZG (03)Billy Janniro
0%
Opole (97,19-20), Toruń (99,06), Rawicz (01-02), Łódź (03), Gdańsk (05,07-08), Tarnów (09-11), Gniezno (12-15), Piła (16), Lublin (17), Osw (18)Bjarne Pedersen
0%
Ostrów (90)Bjorn Ivar Fauske
0%
Częstochowa (92)Bobby Ott
0%
Rybnik (91), GW (92-94), Rzeszów (99-03), Opole (05), Lublin (06)Bohumil Brhel
0%
Grudziądz (93) CZEBorivoj Hadek
0%
Gdańsk (19)Bradley Wilson-Dean
0%
Piła (16-17), Rybnik (17), Rawicz (18-19), Leszno (18-20), Łódź (20-21)Brady Kurtz
0%
Bydgoszcz (21) AUSBrayden McGuinness
0%
Wrocław (99) USABrett Woodfield
0%
Poznań (91), Rzeszów (95-97), Leszno (98-99), Wrocław (00), Cze-wa (01)Brian Andersen
0%
ZG (93-97), Gdz (98), Opole (99), Piła (00), Rybnik (01), Gdańsk (03-04)Brian Karger
0%
Opole (08), Krosno (09)Brian Lyngso
0%
Rzeszów (08-09), Miskolc (10), Lublin (11-14)Cameron Woodward
0%
ZG (99-01), Piła (02)Carl Stonehewer
0%
Opole (18) GBR C... W...Charles Wright
0%
Łódź (97-98,11), Osw (02,07), Gdz (03,05), Rzeszów (04,09), Gdańsk (08)Charlie Gjedde
0%
Rybnik (06-07,14-15), Osw (08-09), Rzeszów (10-11,17), Cze-wa (12), Gdz (13), Kraków (16)Chris Harris
0%
Wrocław (91-92), Rzeszów (93), GW (95), ZG (97-99), Piła (00-01), Lublin (06), Gdańsk (07)Chris Louis
0%
Wrocław (97), Bdg (99)Chris Manchester
0%
Toruń (90,94)Christer Rohlen
0%
Opole (09-10), Kraków (11-12)Christian Ago
0%
Daugavpils (05,09), Cze-wa (06), Gdz (07), Bdg (08), Opole (14)Christian Hefenbrock
0%
Krosno (09), Kraków (10)Claes Nedermark
0%
Opole (98)Claus Kristensen
0%
Miskolc (06), Gniezno (08-09), Łódź (10), Rawicz (11), Krosno (13-16), Kraków (17-18)Claus Vissing
0%
ZG (91)Conny, Claes Ivarsson
0%
Piła (09), Ostrów (11)Cory Gathercole
0%
Rzeszów (96), Leszno (97), GW (00), Piła (01), Warszawa (02)Craig Boyce
0%
Łódź (16), Rybnik (18)Craig Cook
0%
Rybnik (01)Craig Watson
0%
Rzeszów (91-92,94), Osw (96), Kraków (97)Csaba Hell
0%
Piła (13), Rybnik (14-15)Dakota North
0%
ZG (96), Rybnik (99), Gdańsk (00)Daniel Andersson
0%
Ostrów (07-09), Poznań (10), Gdz (11), Łódź (13), Piła (15)Daniel King
0%
GW (03-04,06,13), Osw (08-09), Rybnik (10), Cze-wa (11-12), Gdz (14)Daniel Nermark
0%
GW (03-06,13), Osw (08-09), Rybnik (10), Cze-wa (11-12), Gdz (14)Daniel Nermark
0%
Tarnów (07-08), Daugavpils (09), Kraków (10), Piła (11), Bdg (12)Danił Iwanow
0%
Toruń (09-10,12-14), Gdańsk (11), ZG (15)Darcy Ward
0%
Gdańsk (95-96), Toruń (99)David Norris
0%
Cze-wa (03), Piła (05), GW(06-07,09-10), Osw (08,13-14), Gdz (11-12)David Ruud
0%
Rybnik (91)Dean Barker
0%
Daugavpils (05,14), Rybnik (06-09), Bdg (10-11), Osw (12-13), Łódź (14), Krosno (15), Opole (16-19)Denis Gizatullin
0%
Daugavpils (05-06), Łódź (08-09)Denis Sajfutdinow
0%
Gniezno (11), Krosno (12)Dino Kovacic
0%
Gdańsk (21-22) GBDrew Kemp
0%
Rawicz (14), Gdańsk (15-16), Gniezno (17-18), Poznań (19), Krosno (20)Eduard Krcmar
0%
Lublin (01-02)Eduard Szajchulin
0%
Cze-wa (07-08), Gdz (09-10), Leszno (11), Toruń (13)Edward Kennett
0%
GW (92)Einar Kyllingstad
0%
Łódź (08)Emil Kramer
0%
Łódź (07)Emil Lindqvist
0%
Grudziądz (07-09), Rawicz (10-14)Eric Andersson
0%
Rzeszów (17), Piła (18), Opole (19)Erik Riss
0%
Poznań (20)Filip Hjelmland
0%
Wrocław (06-08), Gniezno (09), Lublin (10), Gniezno (13)Filip Sitera
0%
Ostrów (09), Poznań (10-11)Frank Facher
0%
Gdańsk (03), Łódź (05-10)Freddie Eriksson
0%
Poznań (17-18), Gniezno (19-20), GW (19)Frederik Jakobsen
0%
Grudziądz (99)Frede Schott
0%
Gdz (04), ZG (05-10), Tarnów (11), Wrocław (12), Leszno (13), Gdańsk (14), Daugavpils (15-16), Rybnik (17), Cze-wa (18-21)Fredrik Lindgren
0%
Łódź (05), Opole (06-10)Friedrich Wallner
0%
Lublin (97)Gabor Roth
0%
GW (92,96), Cze-wa (98), Rzeszów (00), Piła (01-03)Gary Havelock
0%
Tarnów (90)Gaspar Forgac
0%
Rzeszów (90-95), Gdańsk (96), Tarnów (97-00), Świętochłowice (01), Kraków (03)Georgi Petranov
0%
Bydgoszcz (99) GERGerd Riss
0%
Tarnów (92-94) , Toruń (99-00), Gniezno (01-02)Gert Handberg
0%
Opole (16), Łódź (17), Wrocław (18-22)Gleb Czugunow
0%
Leszno (92-94), Gniezno (96-97), Wrocław (98-04), Gdańsk (05), Cze-wa (06-09), ZG (10-11), Tarnów (12,14), Bdg (13), Rzeszów (15,18), Toruń (16-17)Greg Hancock
0%
Piła (92-93), Toruń (95), Tarnów (01)Grigorij Charczenko
0%
Daugavpils (06-10), Cze-wa (11-14), Toruń (15), Rybnik (16-17), Lublin (19-22)Grigorij Łaguta
0%
Opole (99), Osw (00-01), Gdz (02)Hans Clausen
0%
Lublin (90-93), Piła (94-99)Hans Nielsen
0%
Częstochowa (93)Heinrich Schatzer
0%
Świętochłowice (02), Opole (05), Łódź (06-08), Piła (09)Henning Bager
0%
Toruń (92), Wrocław (93), ZG (94), Bdg (95-01), Gdańsk (02), Wawa (03), Rawicz (08), Łódź (09), Osw (10)Henrik Gustafsson
0%
Ostrów (06)Henrik Mollner
0%
Rawicz (06,16), Tarnów (07), Miskolc (08), Lublin (09), Kraków (10), Piła (11)Hynek Stichauer
0%
Opole (92) RUS I... D...Igor Dubinin
0%
Osw (08), Opole (09-11), Kraków (19)Igor Kononow
0%
Opole (96), Gdańsk (97), Lublin (98), Gdz (02), Krosno (03), Lwów (04), Równe (05-06)Igor Marko
0%
Grudziądz (93) RUSIgor Zwieriew
0%
Poznań (11), Osw (12), Rybnik (13-14), Krosno (17-18), Rzeszów (20-21)Ilja Czałow
0%
Bydgoszcz (18) RUSIwan Bolszakow
0%
Świętochłowice (98-01), Kraków (02), Poznań (07), Krosno (08)Izak Santej
0%
Poznań (91) J... O...Jacob Olsen
0%
Tarnów (14), Gniezno (15), Cze-wa (16), ZG (17-18), Gdańsk (19-20), Opole (21-22)Jacob Thorssell
0%
Rzeszów (17)Jake Allen
0%
Tarnów (09), Miskolc (10)James Wright
0%
Krosno (99) DKKJan Andersen
0%
Praga (07), Opole (09-11)Jan Holub
0%
Wrocław (90), Cze-wa (91,93), Gdz (92), Opole (94), Rawicz (96)Jan Holub
0%
Praga (07), Krosno (08-11)Jan Jaros
0%
ZG (20-22), Krosno (21)Jan Kvech
0%
Rybnik (92)Jan Osvald Pedersen
0%
Wrocław (90-91), Osw (92)Jan Schinagl
0%
Rybnik (92), Cze-wa (94-96,99)Jan Staechmann
0%
Świętochłowice (91-93,96), Kraków (97)Jaroslav Gavenda
0%
GW (94,96,00-01), Wrocław (95,99,06-10), ZG (97-98), Piła (02), Toruń (03-05), Rzeszów (11-12)Jason Crump
0%
GW (96), Leszno (99-00), Bdg (01), Cze-wa (02), Piła (03)Jason Lyons
0%
Lublin (92)Jens Henry Nielsen
0%
Tarnów (91), Machowa (92) GBJeremy Doncaster
0%
Lublin (01), Rawicz (06-08)Jernej Kolenko
0%
Piła (99-00), Gdz (01), GW (02,07-08), Gniezno (03,06,11), Lublin (05), Tarnów (09-10), Rybnik (11), Wrocław (12), Opole (13), Piła (14-15)Jesper Bruun Monberg
0%
Gniezno (15), Opole (17)Jesper Sogaard
0%
Bydgoszcz (21) RUSJewgienij Sajdulin
0%
ZG (91-92), Piła (94,96), Gdz (95), Gniezno (97-99), Wrocław (00)Jimmy Nilsen
0%
Gdańsk (93-94), Bydgoszcz (99)Jiri Stancl
0%
Ostrów (92) CZEJiri Stovicek
0%
Grudziądz (09-10)Joe Haines
0%
Lublin (18), Gdańsk (19)Joel Kling
0%
Cze-wa (92,94-97), Tarnów (93), Rzeszów (98-99), Bdg (00), GW (02), Piła (03), Osw (06-07)Joe Screen
0%
Toruń (93), Wrocław (99-00)John Cook
0%
Gdańsk (91) GBJohn Davis
0%
Gdz (95), Gdańsk (98), GW (99), Osw (00)John Jorgensen
0%
Bydgoszcz (18) DKKJonas B. Andersen
0%
ZG (06,11-13), Bdg (07-09), Cze-wa (10), Gniezno (14-17), Krosno (19)Jonas Davidsson
0%
Ostrów (17,20), Piła (19), Cze-wa (21-22)Jonas Jeppesen
0%
GW (99,06-07), Cze-wa (00), Osw (01,08), Leszno (03), Lublin (05), Gdańsk (09), Rybnik (10), Daugavpils (11,13-17), Rzeszów (12)Joonas Kylmaekorpi
0%
Bydgoszcz (91) SVE J... J...Jorgen Johansson
0%
Gdańsk (08), Lublin (11)Josh Auty
0%
Piła (13), Kraków (16), Rzeszów (17), Łódź (18), Bydgoszcz (19)Josh Grajczonek
0%
GW (95), Wrocław (99)Josh Larsen
0%
Krosno (19) AUSJosh Pickering
0%
Krosno (91-93), Gdz (94)Jozsef Petrikovics
0%
Miskolc (06-10), Kraków (11-12), Krosno (13), Rzeszów (16)Jozsef Tabaka
0%
Opole (08) FINJuha Hautameki
0%
Gdańsk (91-92)Juha Moksunen
0%
Miskolc (10), Opole (11), Osw (14), ZG (16)Justin Sedgmen
0%
Opole (14), Bdg (16,20), Gdz (17-18), Łódź (19)Kai Huckenbeck
0%
Piła (99-00), Gdańsk (01,03), Gniezno (02), ZG (06), Gniezno (07)Kai Laukkanen
0%
Gniezno (91) K... P...Karel Prusa
0%
Krosno (97)Karl Lechky
0%
Ostrów (11), Lublin (13), Poznań (17)Kasper Nielsen
0%
Lublin (07,10), Poznań (08), Piła (09)Kauko Nieminen
0%
Wrocław (91-92)Kelvin Tatum
0%
Poznań (91) K... A...Kenneth Arnfred
0%
Osw (01), Gdańsk (04,09), GW (05), Wrocław (06-07,10-11), Rzeszów (08), Cze-wa (12), Leszno (13-14), Tarnów (15-18), Gdz (19-21)Kenneth Bjerre
0%
Miskolc (06), Lublin (07), GW (08), Krosno (09-11,18), Daugavpils (12), Kraków (13-15), Osw (17), Rzeszów (20-21), Tarnów (22)Kenneth Hansen
0%
Toruń (91) SVEKenneth Nystroem
0%
Kraków (11), Osw (12), Łódź (13), Rzeszów (14-15)Kenni Larsen
0%
Tarnów (08)Kevin Doolan
0%
ZG (06-07), Gniezno (08), Gdz (09-10,12-13), Krosno (12), Opole (17-19), Poznań (20-21), Rzeszów (22)Kevin Woelbert
0%
GW (06-07), Gniezno (08)Kim Jansson
0%
Gniezno (14,18), Gdańsk (19), Tarnów (20-21)Kim Nilsson
0%
Równe (08,11), Miskolc (09), Łódź (10-11), Kraków (12)Kirył Cukanow
0%
Daugavpils (06), Równe (08), Lublin (09)Kirył Filinow
0%
Daugavpils (05-06,08-21), Gniezno (07)Kjastas Puodżuks
0%
Poznań (06-07), Rawicz (08), Miskolc (09)Klaus Jakobsen
0%
Gniezno (08), Krosno (09-10)Krister Jacobsen
0%
Gniezno (15), Piła (16)Kyle Newman
0%
Lublin (07), Opole (08)Lars Hansen
0%
Lublin (90), G-dz (91,95), Piła (92-93), Rybnik (94)Lars Henrik Jorgensen
0%
Wrocław (10-11), Bdg (14), Kraków (18), Krosno (19)Lasse Bjerre
0%
Krosno (99-02,04,11), Łódź (03), Równe (05), Miskolc (06-10)Laszlo Szatmari
0%
Piła (99), Gdz (00), ZG (01,04-05), Wrocław (02), Lublin (03), Cze-wa (06-09), Rzeszów (10-12)Lee Richardson
0%
Lublin (91-92,94-95), Wrocław (93), Leszno (96-10)Leigh Adams
0%
Gdańsk (06), Równe (08), Krosno (09), Lublin (10)Lenar Nigmatzjanow
0%
Rybnik (21)Leon Flint
0%
Cze-wa (07-10), Gniezno (11), Rybnik (13-14)Lewis Bridger
0%
Krosno (18) GBLewis Kerr
0%
Gniezno (07-09), Łódź (10), Bdg (17)Linus Ekloef
0%
Gniezno (10), Łódź (11-12), GW (13-15,17-18), Gdańsk (16-17), Rybnik (19), Daugavpils (20)Linus Sundstroem
0%
Świętochłowice (98-99)Lubomir Batelka
0%
Tarnów (90-91), Gdz (92)Lubomir Jedek
0%
Lublin (06,09), Osw (07), Opole (08)Lubos Tomicek
0%
ZG (08-09), Rzeszów (10)Ludvig Lindgren
0%
Wittstock (20), Gdańsk (21), Piła (22)Lukas Fienhage
0%
Rzeszów (18), Rawicz (19), Łódź (21-22),Luke Becker
0%
Opole (18-21), Landshut (22)Mads Hansen
0%
Poznań (06-07), Osw (08-09,13), Krosno (10), Kraków (11,13,16), Lublin (12), Łódź (14-15), Rybnik (17)Mads Korneliussen
0%
Łódź (08), Kraków (14)Magnus Karlsson
0%
Lublin (99,02), Rybnik (00), GW (03-04,07), Gdz (05), Gniezno (06,12), Gdańsk (08-11,15-16), Łódź (13-14)Magnus Zetterstroem
0%
Krosno (08), Rawicz (09)Maks Gregoric
0%
Daugavpils (05-11,13-17), Gdańsk (12), Łódź (18)Maksim Bogdanow
0%
Krosno (06)Maksim Karajcencew
0%
Kraków (10), Wrocław (11)Maksim Łobzenko
0%
Świętochłowice (02), Rawicz (06), Miskolc (07,09), Lublin (10)Manuel Hauzinger
0%
Krosno (07), Łódź (08)Marat Gatjatow
0%
Rzeszów (12-14), Łódź (13), Krosno (14)Marco Gaschka
0%
Rybnik (12)Marc Randrup
0%
Tarnów (98,00-01), Rawicz (99), Miskolc (06-07)Marian Jirout
0%
Lublin (21)Mark Karion
0%
Rybnik (98), Łódź (00), Rawicz (08)Mark Lemon
0%
Cze-wa (92,99-00), Toruń (93-97), Osw (98), Bydgoszcz (01-03), Rybnik (04), GW (05), Leszno (06)Mark Loram
0%
Poznań (20), GW (21)Markus Birkemose
0%
Rybnik (91,95), Lublin (92-93), Grudziądz (96)Martin Dugard
0%
Miskolc (06,08-09), Praga (07), Lublin (13)Martin Gavenda
0%
Krosno (06,08,10-11,13)Martin Malek
0%
Rybnik (06-07), Gdz (08), Toruń (09), Gniezno (11), Krosno (13), Lublin (17), ZG (19)Martin Smolinski
0%
Gdańsk (91-96)Marvyn Cox
0%
Gdz (98,09), ZG (00), Cze-wa (01), Opole (02), Osw (03-04,06), Krosno (05), GW (07-08), Gniezno (10), Rzeszów (11)Matej Ferjan
0%
Lublin (07), Równe (08), Toruń (09,13), Gdańsk (10), Kraków (12-13,19), Gniezno (14-15)Matej Kus
0%
Toruń (07), Rzeszów (08), GW (09-12,14-16), Gniezno (13), Cze-wa (17-19), Lublin (20), ZG (21)Matej Zagar
0%
Rawicz (06-07,15), Łódź (08-09)Mathias Schultz
0%
Kraków (11), Rybnik (12), Gdańsk (13), Lublin (15), Opole (16), Krosno (20)Mathias Thornbloem
0%
Poznań (20-21), Ostrów (22)Matias Nielsen
0%
Bydgoszcz (18-20), Wittstock (21)Matic Ivacic
0%
Krosno (08), Łódź (09), Osw (10)Matija Duh
0%
Łódź (06-08)Matthias Kroeger
0%
Opole (06-07)Matthias Nilsson
0%
Miskolc (06), Łódź (07-08), Opole (09-10), Piła (11-12,19), Krosno (13), Rawicz (20)Max Dilger
0%
Rybnik (15-17), Wrocław (18-20), ZG (21)Max Fricke
0%
Praga (07), Krosno (08-09,11), Lublin (10)Michael Hadek
0%
Toruń (10-11,17), GW (12,16), Cze-wa (13-14), Wrocław (15), ZG (18-20), Rybnik (21)Michael Jepsen Jensen
0%
Świętochłowice (92), Kraków (93-95), Lublin (96)Michaił Starostin
0%
Rawicz (97-99), Tarnów (00)Michal Makovsky
0%
Piła (95), Rybnik (00-02), Wa-wa (03), Rzeszów (05,09-10), Osw (06-07), Wrocław (08), Gdańsk (11), Daugavpils (12)Mikael Max
0%
Łódź (01) SVEMikael Teurnberg
0%
Krosno (18) DKKMikkel B. Andersen
0%
Rybnik (12), ZG (13-14), Gniezno (15), Gdańsk (17-20)Mikkel Bech
0%
Leszno (13-14), Osw (15), Tarnów (16-17), Gdańsk (18), Lublin (19-21)Mikkel Michelsen
0%
Opole (03), Grudziądz (06)Miroslav Fencl
0%
Tarnów (91), Machowa (92) NZMitch Shirra
0%
Osw (06-07), Gdz (08), Gniezno (09), Łódź (10)Morten Risager
0%
Ostrów (92) GBNeil Evitts
0%
Krosno (12)Nicki Barrett
0%
Gniezno (99), Gdz (00,20-21) Gdańsk (01,12), ZG (02,04-05,19), Rybnik (03), Rzeszów (06-07,13), Cze-wa (08-09), GW (10-11), Leszno (14-17), Tarnów (18)Nicki Pedersen
0%
Osw (13-15), Rzeszów (16-18), Krosno (19)Nicklas Porsing
0%
Wrocław (16), Rzeszów (17-18), Rybnik (19)Nick Morris
0%
Krosno (19) SLOVENIANick Skorja
0%
Wrocław (06-07), ZG (08), Osw (09,18-21), Rybnik (10), Daugavpils (11), Wrocław (12-13), Rzeszów (14), Łódź (15), Cze-wa (16), Kraków (17), GW (20)Nicolai Klindt
0%
Krosno (12), Rzeszów (16)Nicolas Covatti
0%
Wrocław (04), Rybnik (05), Toruń (06,18-19), ZG (07-10), GW (11-17, 20), Tarnów (21)Niels Kristian Iversen
0%
Częstochowa (99) AUSNigel Sadler
0%
Łódź (14)Nike Lunna
0%
Rzeszów (2003)Niklas Aspgren
0%
Wrocław (99) SVENiklas Karlsson
0%
Wrocław (98), Gdz (99,01,08-09), Opole (00), Leszno (02), GW (03,06-07), Osw (04), Rzeszów (05)Niklas Klingberg
0%
Opole (08)Niklas Larsson
0%
Krosno (12,16), Piła (13), Kraków (14,17), Wrocław (15)Nikolaj Busk Jakobsen
0%
Gniezno (92-94), Opole (95-96), Kraków (99), Daugavpils (05-06)Nikołaj Kokin
0%
Gniezno (92-94), Opole (95-96), Kraków (99), Daugavpils (05-06)Nikolaj Kokin
0%
Krosno (96,01,12,19), Kraków (02), Opole (03), Miskolc (06-10), Poznań (11)Norbert Magosi
0%
Częstochowa (13)Oleg Biesczastnow
0%
Ostrów (99-00), Łódź (01)Oleg Kurguskin
0%
Opole (92) RUS O... W...Oleg Wołochow
0%
Gniezno (07), Gdz (08-11), Rybnik (12), Kraków (13-14)Oliver Allen
0%
Daugavpils (13), Opole (14), Gniezno (17-20), Wrocław (20), Osw (21-22)Oliver Berntzon
0%
GW (91) FINOlli Tyrvainen
0%
Opole (17), Bydgoszcz (18)Ondrej Smetana
0%
Opole (17), Krosno (18-19), Rzeszów (20), Osw (21), GW (22)Patrick Hansen
0%
Leszno (06-07), Tarnów (08-10,13), Grudziądz (11), Bdg (14-15), Krk (16-17), Gdańsk (18)Patrick Hougaard
0%
Krosno (10-11)Patrick Noergaard
0%
Bydgoszcz (91) SVE P... O...Patrick Olsson
0%
Częstochowa (99) GBPaul Hurry
0%
Opole (91), Gniezno (92), Rybnik (94)Pavel Karnas
0%
Gniezno (91) P... K...Pavel Koten
0%
Kraków (95), Opole (96-98), Rawicz (99-00), Lublin (01), Praga (07)Pavel Ondrasik
0%
Praga (07), Krosno (11)Pavel Pucko
0%
Toruń (91-94)Per Jonsson
0%
Opole (03)Peter I. Karlsson
0%
Tarnów (08-09)Peter Juul Larsen
0%
Bdg (91), Piła (96-97,01), Rybnik (98,02), Toruń (99-00), Tarnów (03), Lublin (04), Osw (05-07,12-14), GW (08-09), Cze-wa (10-11),Peter Karlsson
0%
Opole (07-08), Piła (09), Łódź (12-13), Czewa (14), Rzeszów (15), Leszno (16-17), Tarnów (18), GW (19), Gdańsk (20), Gniezno (21)Peter Kildemand
0%
Osw (03), Gniezno (04,09-10,21), Krosno (05,21), Cze-wa (06), Tarnów (07-08,17,19-20,22), Poznań (11), Gdz (12,16), Wrocław (13), Rzeszów (14-15), Daugavpils (18)Peter Ljung
0%
Grudziądz (06), Łódź (07)Petrik Linhart
0%
Cze-wa (91-94), Rybnik (95), Tarnów (00)Petr Vandirek
0%
Piła (19), Gniezno (21)Philip Hellstrom-Bangs
0%
Rybnik (93-94)Philippe Berge
0%
Lublin (11), Rybnik (12,21), Kraków (15), Piła (18), Daugavpils (19-20)Pontus Aspgren
0%
Piła (14-15,19), Kraków (17-18), Gdańsk (20-22)Rasmus Jensen
0%
Opole (01)Ray Morton
0%
Rawicz (03), Rybnik (05-07), Gdańsk (08-17), Osw (18-19)Renat Gafurov
0%
Łódź (08,14), Kraków (14), Piła (15), Rzeszów (16), Bdg (18-19), Opole (20), Daugavpils (22)Rene Bach
0%
Poznań (06) GERRene Schaefer
0%
Lublin (09) GBR R... H...Richard Hall
0%
Opole (18) GBR R... L...Richard Lawson
0%
Lublin (10-11)Richard Sweetman
0%
Krosno (98-99,03,08-09), Praga (07)Richard Wolff
0%
Cze-wa (91), Bdg (92)Rick Miller
0%
Osw (06), ZG (07-08), Rybnik (09), Opole (10-11)Ricky Kling
0%
Rawicz (18), Bydgoszcz (19)Ricky Wells
0%
Osw (94,96), ZG (95)Rif Saitgariejew
0%
Gdańsk (99), ZG (00)Robert Barth
0%
ZG (90,05), Świętochłowice (93-94), Piła (98), Łódź (99)Robert Kessler
0%
Krosno (96,00), Rawicz (97-99), Osw (01)Robert Kral
0%
Toruń (08), Opole (09)Robert Księżak
0%
Lublin (17-19), Wittstock (20), Rybnik (20), Toruń (21-22)Robert Lambert
0%
Rzeszów (91), Tarnów (95), Krosno (98-99), Łódź (00-01), Opole (02), Miskolc (10)Robert Nagy
0%
Grudziądz (07)Robert Pettersson
0%
Leszno (92)Robert Ralis
0%
Gniezno (09-10)Robin Aspegren
0%
Toruń (07), Rawicz (10)Robin Tornqvist
0%
Gniezno (14), Łódź (15-20), ZG (20,22), Tarnów (21)Rohan Tungate
0%
Opole (14), Rawicz (17)Roland Benko
0%
Krosno (11)Roman Cejka
0%
Daugavpils (07), Równe (08), Opole (09) R... I...Roman Iwanow
0%
Rybnik (17), Gdz (18-21), Rzeszów (20)Roman Lachbaum
0%
Bydgoszcz (92,94) Leszno (93)Roman Matousek
0%
Krosno (98), GW (99), Wa-wa (01), Gdz (02), Rybnik (03-07), Rzeszów (08), Daugavpils (09-13)Roman Povazhny
0%
Leszno (92,97-98), Rzeszów (93), Tarnów (96), Łódź (99-00)Ronnie Correy
0%
Leszno (99), Rawicz (01-02), Gdz (03)Ronni Pedersen
0%
Rybnik (07,11,17), Wrocław (08), Gdz (09-10), Osw (12), Łódź (13,15-16,19), Daugavpils (14)Rory Schlein
0%
Łódź (06,08-09), Daugavpils (07)Rusłan Gatjatow
0%
Lublin (10), Gdz (11), Rawicz (13-15)Ryan Fisher
0%
Toruń (96-98,00,07-13), Bdg (99), Cze-wa (01-06)Ryan Sullivan
0%
Bdg (92-94), Łódź (95-96,99-00), Cze-wa (97), Gdańsk (98), Opole (01), Wawa (02)Sam Ermolenko
0%
Lublin (15,18), Kraków (16), Osw (17,19), Opole (20), Rzeszów (21), Rawicz (22)Sam Masters
0%
Lublin (99), Krosno (00), Lublin (01)Sandor Fekete
0%
Rzeszów (92,99), Kraków (94-95,03-04), Krosno (96), Gdańsk (00), Wawa (02), Miskolc (06-10)Sandor Tihanyi
0%
Opole (99)Scott Smith
0%
Opole (97-99,01-02), Lublin (00), Rawicz (03)Sean Wilson
0%
Rawicz (04,09-11), Gniezno (06), ZG (07), Rybnik (08)Sebastian Alden
0%
Równe (05), Daugavpils (06), Krosno (07), Rawicz (08), Miskolc (09), Kraków (10)Semen Własow
0%
Machowa (92), Krk (94), Cze-wa (95-97), Gniezno (98), Bdg (99-00), Gdz (01), Osw (10)Shane Parker
0%
Krosno (99) RUSSiergiej Czekmariow
0%
Świętochłowice (00), Krosno (01-02)Siergiej Jeroszin
0%
Krosno (16), Daugavpils (17), Kraków (18), Rybnik (19-20)Siergiej Łogaczow
0%
Gniezno (92)Simon Cross
0%
Rawicz (07), Łódź (09,12), GW (10), Gniezno (11), Daugavpils (13-14)Simon Gustafsson
0%
Lublin (09) GBR S... L...Simon Lambert
0%
Gniezno (08), Wrocław (11)Simon Nielsen
0%
Lublin (00,11), Toruń (06), Gniezno (07), Bdg (08), Osw (09), Piła (10), Kraków (13)Simon Stead
0%
Piła (98), Toruń (99-00), Rzeszów (01), Gdańsk (02), Gniezno (03-06)Stefan Andersson
0%
Gdz (99), Opole (00), GW (01), Toruń (02)Stefan Danno
0%
Łódź (06-08), Opole (09)Stephan Katt
0%
Gniezno (97), Toruń (98,07), Łódź (99), Ostrów (00), Leszno (01)Steve Johnston
0%
Piła (12), Opole (14), Rawicz (16), Wittstock (20-21)Steven Mauer
0%
Gdańsk (92-96)Steve Schofield
0%
Łódź (01) GBStuart Robson
0%
Cze-wa (08-10), Gniezno (11), Wrocław (12-22)Tai Woffinden
0%
Kraków (19), Poznań (21)Tero Aarnio
0%
GW (06-09), Gdańsk (10-14), Leszno (15), Cze-wa (16), Daugavpils (17), Piła (18-19,22)Thomas Jonasson
0%
Opole (06), Gdz (07-08), Piła (09)Thomas Stange
0%
Łódź (11,16,22), Rzeszów (12), Kraków (13), Osw (14), Lublin (15), Daugavpils (17-19), Gniezno (20-21),Timo Lahti
0%
Rzeszów (21)Tim Sorensen
0%
Gniezno (06), Łódź (07), Tarnów (08-09), Kraków (11), Krosno (12-16)Tobias Busch
0%
Łódź (07), Gdańsk (08-10), Osw (11-12), Kraków (12-13)Tobias Kroner
0%
Cze-wa (91,98), Gdańsk (97), Rybnik (99), Bdg (00-03)Todd Wiltshire
0%
Łódź (99)Toliat Galiejew
0%
Łódź (02,07), Lwów (04), Lublin (06), Miskolc (09)Tomas Suchanek
0%
Wrocław (95-96), Toruń (98), Rybnik (99), Gdz (00), Rawicz (03)Tomas Topinka
0%
Opole (91)Tommy Dunker
0%
Wrocław (92-97)Tommy Knudsen
0%
Grudziądz (08-09)Tommy Pedersen
0%
Gdańsk (91) NZTony Briggs
0%
GW (91) SVETony Olsson
0%
Bdg (91), Osw (92), ZG (93), Tarnów (94-96,04-06), GW (97-98), Gdańsk (99-00), Toruń (01-03)Tony Rickardsson
0%
Leszno (07), Wrocław (09), Opole (11)Travis McGowan
0%
Poznań (10), Lublin (11), Wrocław (12)Tyron Proctor
0%
Opole (09)Ulrich Ostergaard
0%
Wrocław (91-92), Piła (93-94), Łódź (96), Opole (99,01)Vaclav Milik
0%
Opole (16), Rawicz (17), Bdg (18-19), Wittstock (20), Landshut (21)Valentin Grobauer
0%
Toruń (91) FINVesa Ylinen
0%
Opole (91), Leszno (92)Vladimir Kalina
0%
Świętochłowice (91-94)Vlastimil Cervenka
0%
Daugavpils (10-13,18-20), Gniezno (14-15), Piła (16-17), Krosno (20), Bdg (21)Wadim Tarasienko
0%
Krosno (94), Lwów (04), Równe (05-06)Wiktor Gajdym
0%
Bdg (12,16-17), Rybnik (13), Toruń (14,20), Tarnów (15,18-19), Gdańsk (21-22)Wiktor Kułakow
0%
Lublin (17,19-20), Rawicz (18), Rybnik (21)Wiktor Trofimow
0%
Osw (10-11), Opole (12), Piła (13-14), Rawicz (13), Łódź (15)Witalij Biełousow
0%
Kraków (10), Ostrów (11-13), Piła (14), Poznań (17-19)Władimir Borodulin
0%
Świętochłowice (02), Lwów (04), Równe (06), Miskolc (08-09), Kraków (10)Władimir Dubinin
0%
Toruń (92), Osw (93-94), Łódź (95,98-99), Rybnik (96-97)Władimir Woronkow
0%
Tarnów (90-91), Gdz (92), Rzeszów (94), Kraków (97), Opole (99)Zdenek Schneiderwind
0%
Łódź (07-09), Krosno (11)Zdenek Simota
0%
Wrocław (90,96), Leszno (93,94)Zdenek Tesar
0%
Tarnów (01-02)Zlatko Krznaric
0%
Rzeszów (91-95), Kraków (96), Gdz (97), Lublin (98-00)Zoltan Adorjan
0%
Opole (91-94), Łódź (95)Zoltan Hajdu
0%
Krosno (91-92)Zoltan Kovacs
0%
Tarnów (93-94)Zsolt Boeszormenyi
0%

Rozkład punktacji

Percentyl według liczby udzielonych odpowiedzi

Procent ludzi z każdym wynikiem

Twoja historia wyników

Nie rozwiązałeś tego quizu